[Event "VEN-ch"]
[Site "San Felipe"]
[Date "2008.01.18"]
[Round "10"]
[White "Soto Paez, Oliver de la Trinid"]
[Black "Duran, Robert"]
[Result "1/2-1/2"]
[WhiteElo "2371"]
[BlackElo "2050"]
[PlyCount "74"]
[EventDate "2008.01.13"]
[EventType "tourn"]
[EventRounds "11"]
[EventCountry "VEN"]
[EventCategory "2"]
[SourceTitle "CBM 122 Extra"]
[Source "ChessBase"]
[SourceDate "2008.03.04"]
[SourceVersion "1"]
[SourceVersionDate "2008.03.04"]
[SourceQuality "1"]

1. e4 c5 2. Nf3 d6 3. d4 cxd4 4. Nxd4 Nf6 5. Nc3 a6 6. Be3 e5 7. Nf3 Qc7 8. a4 Be7 9. a5 Nbd7 10. Ra4 0-0 11. Be2 b5 12. axb6 Nxb6 13. Rb4 Rb8 14. 0-0 a5 15. Rb5 Bd7 16. Rxa5 Nc4 17. Ra7 Nxe3 18. Rxc7 Nxd1 19. Rxd1 Bd8 20. Rxd7 Nxd7 21. Rxd6 Rxb2 22. Rxd7 Rxc2 23. Nxe5 Rxc3 24. g3 Rc7 25. Rd5 Be7 26. Nd3 Rd8 27. Rb5 Rc2 28. Kf1 Ra8 29. Bg4 g6 30. Rb7 Kf8 31. h4 Raa2 32. h5 Rd2 33. hxg6 hxg6 34. Rb3 Ra3 35. Rxa3 Bxa3 36. Be2 Bd6 37. f4 Ra2 1/2-1/2

[Event "VEN-ch"]
[Site "San Felipe"]
[Date "2008.01.16"]
[Round "7"]
[White "Duran, Robert"]
[Black "Alvarez Marquez, Johan"]
[Result "0-1"]
[WhiteElo "2050"]
[BlackElo "2385"]
[PlyCount "94"]
[EventDate "2008.01.13"]
[EventType "tourn"]
[EventRounds "11"]
[EventCountry "VEN"]
[EventCategory "2"]
[SourceTitle "CBM 122 Extra"]
[Source "ChessBase"]
[SourceDate "2008.03.04"]
[SourceVersion "1"]
[SourceVersionDate "2008.03.04"]
[SourceQuality "1"]

1. e4 c5 2. Nf3 Nc6 3. Bb5 e6 4. 0-0 Nge7 5. b3 a6 6. Bxc6 Nxc6 7. Bb2 d6 8. c4 e5 9. h3 g6 10. Ne1 Bh6 11. Nc3 0-0 12. Nc2 f5 13. d3 f4 14. f3 Bg5 15. Kf2 Bh4+ 16. Ke2 Qg5 17. Rg1 b5 18. Qf1 Be6 19. Bc1 Nd4+ 20. Kd1 Qd8 21. Bd2 Qd7 22. Be1 Bd8 23. Rh1 Ba5 24. Nd5 Bxe1 25. Qxe1 Bxd5 26. exd5 Nf5 27. Qf2 a5 28. Kd2 a4 29. Rhb1 Rfb8 30. Qe1 Qd8 31. Ke2 Rb7 32. Kf1 h5 33. cxb5 a3 34. Qc1 Qg5 35. Qd2 Rxb5 36. b4 cxb4 37. Rxb4 Rxd5 38. Rab1 Rc8 39. Rb8 Rxb8 40. Rxb8+ Kg7 41. Rb3 Rc5 42. Ne1 Ne3+ 43. Kg1 Qd8 44. Rxa3 Qc7 45. Ra8 Rc1 46. Kf2 Qc5 47. Ra5 Rd1 0-1

[Event "San Francisco Bernardo Smith Memorial"]
[Site "San Francisco"]
[Date "2005.08.20"]
[Round "3"]
[White "Duran, Robert"]
[Black "Livschitz, Jennifer"]
[Result "1-0"]
[WhiteElo "1507"]
[BlackElo "1123"]
[PlyCount "51"]
[EventDate "2005.08.20"]
[EventType "swiss"]
[EventRounds "6"]
[EventCountry "USA"]
[SourceTitle "EXT 2007"]
[Source "ChessBase"]
[SourceDate "2006.11.23"]
[SourceVersion "1"]
[SourceVersionDate "2006.11.23"]
[SourceQuality "1"]

1. d4 d5 2. c4 e6 3. Nc3 Nf6 4. Bg5 Be7 5. e3 c6 6. Nf3 Nbd7 7. Rc1 0-0 8. Bd3 h6 9. Bh4 Qc7 10. 0-0 dxc4 11. Bxc4 e5 12. Bg3 Qb6 13. dxe5 Nh5 14. e6 Ndf6 15. exf7+ Kh8 16. Nh4 Bg4 17. Ng6+ Kh7 18. Qc2 Rfd8 19. Nxe7+ Kh8 20. f8Q+ Rxf8 21. Ng6+ Kh7 22. Nxf8+ Kh8 23. Ng6+ Kh7 24. Ne5+ Kh8 25. Nf7+ Kg8 26. Bd6 1-0